Bezpečnosť čerpacích staníc pohonných hmôt a požiarna ochrana
Základné požiadavky bezpečnosti a hygieny pri práci a požiarna ochrana na čerpacích staniciach pohonných hmôt. Podmienky a predpisy z hľadiska dodržiavania poriadku a prevádzkových predpisov čerpacích staníc.
Guardado en:
| Autor principal: | |
|---|---|
| Formato: | Capítulo de libro |
| Lenguaje: | eslovaco |
| Materias: | |
| Etiquetas: |
Sin Etiquetas, Sea el primero en etiquetar este registro!
|
MARC
| LEADER | 00000nla$a2200000$$$4500 | ||
|---|---|---|---|
| 001 | 0146469 | ||
| 005 | 20240530103144.2 | ||
| 041 | 0 | |a slo | |
| 044 | |a SK | ||
| 245 | 1 | 0 | |a Bezpečnosť čerpacích staníc pohonných hmôt a požiarna ochrana |c Lujza Jurkovičová |
| 520 | |a Základné požiadavky bezpečnosti a hygieny pri práci a požiarna ochrana na čerpacích staniciach pohonných hmôt. Podmienky a predpisy z hľadiska dodržiavania poriadku a prevádzkových predpisov čerpacích staníc. | ||
| 610 | 2 | 0 | |a prostredie pracovné |
| 610 | 2 | 0 | |a rizikovosť práce |
| 610 | 2 | 0 | |a bezpečnosť práce |
| 610 | 2 | 0 | |a hygiena práce |
| 610 | 2 | 0 | |a vplyvy na prácu vonkajšie |
| 610 | 2 | 0 | |a ochrana požiarna |
| 610 | 2 | 0 | |a stanice čerpacie |
| 610 | 2 | 0 | |a hmoty pohonné |
| 100 | 1 | |a Jurkovičová, Lujza | |